<?xml version="1.0" encoding="UTF-8"?>
<record
    xmlns:xsi="http://www.w3.org/2001/XMLSchema-instance"
    xsi:schemaLocation="http://www.loc.gov/MARC21/slim http://www.loc.gov/standards/marcxml/schema/MARC21slim.xsd"
    xmlns="http://www.loc.gov/MARC21/slim">

  <leader>01134nam a22002537a 4500</leader>
  <controlfield tag="003">DO-SdBNP</controlfield>
  <controlfield tag="005">20220120143658.0</controlfield>
  <controlfield tag="007">ta</controlfield>
  <controlfield tag="008">220120b2017       aa||g |||| 001 0 spa d</controlfield>
  <datafield tag="040" ind1=" " ind2=" ">
    <subfield code="a">DO-SdBNP</subfield>
    <subfield code="b">spa</subfield>
    <subfield code="c">BNPHU</subfield>
  </datafield>
  <datafield tag="082" ind1="4" ind2=" ">
    <subfield code="2">22</subfield>
    <subfield code="a">021.7</subfield>
    <subfield code="b">F356r</subfield>
  </datafield>
  <datafield tag="111" ind1="1" ind2="0">
    <subfield code="a">Feria Internacional del Libro Santo Domingo </subfield>
    <subfield code="c">(Santo Domingo, Rep. Dom.</subfield>
    <subfield code="d">20016 : 19 septiembre - 02 octubre)</subfield>
    <subfield code="n">(19&#xAA; :</subfield>
    <subfield code="9">80993</subfield>
  </datafield>
  <datafield tag="245" ind1="1" ind2="0">
    <subfield code="a">XIX  Feria Internacional del Libro Santo Domingo 2016 :</subfield>
    <subfield code="b">Programa ; Tema: La diaspora dominicana /</subfield>
  </datafield>
  <datafield tag="260" ind1=" " ind2=" ">
    <subfield code="a">Santo Domingo :</subfield>
    <subfield code="b">Ministerio de Cultura </subfield>
    <subfield code="b">Direcci&#xF3;n General de la Feria del Libro,</subfield>
    <subfield code="c">2016.</subfield>
  </datafield>
  <datafield tag="300" ind1=" " ind2=" ">
    <subfield code="a">210 p. : </subfield>
    <subfield code="b">il. ; retrs. ;</subfield>
    <subfield code="c">21 cm</subfield>
  </datafield>
  <datafield tag="500" ind1=" " ind2=" ">
    <subfield code="a">Dedicada a Salom&#xE9; Ure&#xF1;a de Henr&#xED;quez.</subfield>
  </datafield>
  <datafield tag="501" ind1=" " ind2=" ">
    <subfield code="a">Pa&#xED;s invitado de honor : Rep&#xFA;blica Dominicana.</subfield>
  </datafield>
  <datafield tag="590" ind1=" " ind2=" ">
    <subfield code="a">Inventariado, 2022 / SA</subfield>
  </datafield>
  <datafield tag="611" ind1=" " ind2=" ">
    <subfield code="a">Feria internacional del Libro</subfield>
    <subfield code="c">(19 :</subfield>
    <subfield code="d">2016</subfield>
    <subfield code="x">Programas</subfield>
    <subfield code="y">2016</subfield>
    <subfield code="z">Santo Domingo, Rep&#xFA;blica Dominicana</subfield>
    <subfield code="9">80994</subfield>
  </datafield>
  <datafield tag="650" ind1="4" ind2=" ">
    <subfield code="a">Feria del libro</subfield>
    <subfield code="y">2016</subfield>
    <subfield code="z">Rep&#xFA;blica Dominicana</subfield>
    <subfield code="9">80995</subfield>
  </datafield>
  <datafield tag="650" ind1="4" ind2=" ">
    <subfield code="a">Feria del libro</subfield>
    <subfield code="x">Programas</subfield>
    <subfield code="y">2016</subfield>
    <subfield code="z">Rep&#xFA;blica Dominicana</subfield>
    <subfield code="9">80996</subfield>
  </datafield>
  <datafield tag="910" ind1=" " ind2=" ">
    <subfield code="a">Saquino</subfield>
  </datafield>
  <datafield tag="942" ind1=" " ind2=" ">
    <subfield code="2">ddc</subfield>
    <subfield code="c">LBS1</subfield>
  </datafield>
  <datafield tag="952" ind1=" " ind2=" ">
    <subfield code="0">0</subfield>
    <subfield code="1">0</subfield>
    <subfield code="2">ddc</subfield>
    <subfield code="5">1</subfield>
    <subfield code="7">0</subfield>
    <subfield code="8">MO</subfield>
    <subfield code="a">BNPHU</subfield>
    <subfield code="b">PD</subfield>
    <subfield code="c">CT</subfield>
    <subfield code="d">2019-04-04</subfield>
    <subfield code="e">Donado</subfield>
    <subfield code="l">0</subfield>
    <subfield code="o">BNPHU PD 021.7 F356r 2016</subfield>
    <subfield code="p">2022-0190</subfield>
    <subfield code="r">2022-01-20</subfield>
    <subfield code="w">2022-01-20</subfield>
    <subfield code="y">LBS1</subfield>
    <subfield code="z">S/A</subfield>
  </datafield>
  <datafield tag="999" ind1=" " ind2=" ">
    <subfield code="c">51209</subfield>
    <subfield code="d">51209</subfield>
  </datafield>
</record>
